LIBRARY & INFORMATION CENTRE, KCAET, TAVANUR

ONLINE PUBLIC ACCESS CATALOGUE (OPAC)

Bio process Engineering Basic concepts / (Record no. 12381)

MARC details
000 -LEADER
fixed length control field 00532cam a2200193ua 4500
020 ## - INTERNATIONAL STANDARD BOOK NUMBER
ISBN 9788120321106
041 ## - LANGUAGE CODE
Language code of text/sound track or separate title eng
082 ## - DEWEY DECIMAL CLASSIFICATION NUMBER
Classification number 660.63
Item number SHU/BI
100 ## - MAIN ENTRY--AUTHOR NAME
Personal name Michale L, Shulker .
245 ## - TITLE STATEMENT
Title Bio process Engineering Basic concepts /
250 ## - EDITION STATEMENT
Edition statement 2 /
260 ## - PUBLICATION, DISTRIBUTION, ETC. (IMPRINT)
Place of publication New Jersey :
Name of publisher Prentice Hall Inc ,
Year of publication 2002.
300 ## - PHYSICAL DESCRIPTION
Number of Pages 553 ; .
700 1# - ADDED ENTRY--PERSONAL NAME
Personal name Filkert, karagi .
942 ## - ADDED ENTRY ELEMENTS (KOHA)
Koha item type Books
Holdings
Withdrawn status Lost status Damaged status Home library Current library Date acquired Full call number Accession Number Koha item type
      KAUAET KAUAET 07/04/2012 660.63 20921 Books
free website counter